| 000 | 004740000a22001690004500 | ||
|---|---|---|---|
| 041 | 0 | _aSPA | |
| 082 | 0 | 4 | _aG 268.433 L859g |
| 100 | 1 | _aLongworth de Umaña, Nancy Rose | |
| 245 | 1 | 0 | _aLos grupos pequeños : Su filosofía y su dinámica / Nancy Rose Longworth de Umaña |
| 260 | _aCosta Rica : IINDEF | ||
| 300 | _a31 Pag | ||
| 001 | 7910 | ||
| 942 | _cBK | ||
| 999 |
_c38111 _d38111 |
||
| 336 |
_atexto _btxt _2rdacontent |
||
| 337 |
_2rdamedia _asin mediación _bn |
||
| 338 |
_2rdacarrier _avolumen _bnc |
||